Mythical Creatures - Statistics

General Stats
  • This quiz has been taken 3,837 times
    3,828 since last reset
  • The average score is 19 of 28
Answer Stats
Hint Answer % Correct
One-eyed giants Cyclopes
94%
Winged horse ridden by Greek Hero Bellerophon Pegasus
94%
Regenerative bird which rises from its own ashes Phoenix
92%
Fire-breathing lizard Dragon
91%
Undead beings who crave blood Vampire
90%
Humans who transform into wolves at full moon Werewolf
90%
Clumsy and aggressive giants who sometimes live under bridges Troll / Ogre
88%
Horned horse Unicorn
88%
Hybrid Horse-men Centaur
87%
Theseus killed this half-bull, half-human creature Minotaur
86%
Nine-headed serpent with replaceable heads Hydra
84%
Half-Human sea dwellers with a tail instead of legs Merfolk
84%
Colossal, squid-like beast from the deep Kraken
82%
Egyptian guardian with the body of a lion but human head Sphinx
76%
Eagle-headed lion Griffin
73%
King of serpents, causes death with a single glance Basilisk
70%
Winged hags Harpies
68%
Lustful goatmen Satyr
67%
South American blood-sucking predator Chupacabra
61%
Front-Lion, Middle-Goat, Behind-snake Chimera
58%
Norse, underground race famed for being short and fond of gold Dwarf
56%
J.R.R Tolkein' hellish invention which inhabits Middle-earth Orc
47%
Gigantic bird of Arab legend Roc
44%
Water horses from Scottish legend Kelpie
30%
Large sea beast from the book of Job in the Old Testament Leviathan
29%
Cannibalistic swamp demon killed by Beowulf Grendel
27%
Large land beast from the book of Job in the Old Testament Behemoth
16%
Man-eating marsh birds of metal Stymphalian Birds
9%
No matching quizzes found
Score Distribution
Percent of People with Each Score
Percentile by Number Answered
Your Score History
You have not taken this quiz since the last reset